Normal view
MARC view
Entry Personal Name
001 - CONTROL NUMBER
- control field: 34678
003 - CONTROL NUMBER IDENTIFIER
- control field: ARRUPE
005 - DATE AND TIME OF LATEST TRANSACTION
- control field: 20170809124950.0
008 - FIXED-LENGTH DATA ELEMENTS
- fixed length control field: 170809|| aca||aabn | a|a d
040 ## - CATALOGING SOURCE
- Original cataloging agency: ARRUPE
- Transcribing agency: ARRUPE
100 ## - HEADING--PERSONAL NAME
- Personal name: Devant, Teresa
670 ## - SOURCE DATA FOUND
- Source citation: Work cat.: (ARRUPE): Devant, Teresa, Living theatre for the community, 1993